ბათუმის შოთა რუსთაველის სახელმწიფო უნივერსიტეტის ბიბლიოთეკა

სტუმრად ლენინთან (ბიბ.ჩანაწერი № 50105)

000 -LEADER
fixed length control field 00725nam a2200217Ia 4500
001 - CONTROL NUMBER
control field 17043
003 - CONTROL NUMBER IDENTIFIER
control field GE_BSU
008 - FIXED-LENGTH DATA ELEMENTS--GENERAL INFORMATION
fixed length control field 181216s||||||||xx |||||||||||||| ||und||
040 ## - CATALOGING SOURCE
Transcribing agency GE_BSU
080 ## - UNIVERSAL DECIMAL CLASSIFICATION NUMBER
Universal Decimal Classification number 329.150.1(092ლენინი)(093.3)
100 ## - MAIN ENTRY--PERSONAL NAME
Personal name მარი, ევგენი
245 ## - TITLE STATEMENT
Title სტუმრად ლენინთან
245 ## - TITLE STATEMENT
Statement of responsibility, etc. თარგმანი დ. შენგელიასი და გ. მეტრეველისა
260 ## - PUBLICATION, DISTRIBUTION, ETC.
Place of publication, distribution, etc. თბილისი
260 ## - PUBLICATION, DISTRIBUTION, ETC.
Name of publisher, distributor, etc. ნაკადული
260 ## - PUBLICATION, DISTRIBUTION, ETC.
Date of publication, distribution, etc. 1968
300 ## - PHYSICAL DESCRIPTION
Extent 131გვ. ; 20სმ
653 ## - INDEX TERM--UNCONTROLLED
Uncontrolled term ლენინი, ვ.ი.;
653 ## - INDEX TERM--UNCONTROLLED
Uncontrolled term სტუმრად ლენინთან
942 ## - ADDED ENTRY ELEMENTS (KOHA)
Koha item type წიგნი
ეგზემპლარები
Withdrawn status Lost status Damaged status Not for loan Date acquired Barcode Date last seen Price effective from Koha item type
        2018-12-17 21401 2018-12-17 2018-12-17 წიგნი